000
00311nam a2200109 a 4500
005
20140414093832.0
008
970109s19uu xx 00 eng d
050
_a
VHS 000
_b
OR 01
245
_a
Guidance Associates/The Center for Humanities :
_b
Our Heritage from Ancient Rome.
942
_c
AVM
999
_c
108760
_d
108760